000 00467nam a2200121Ia 4500
008 220615s9999||||xx |||||||||||||| ||und||
100 _aOlcay Kaplan Ince||Muharrem Ince
245 0 _aRecent Advances in Analytical Chemistry
546 _aEnglish[eng]
650 _aPhysical Sciences||Engineering and Technology||Chemistry||Analytical Chemistry||Bioorganic Chemistry
856 _uhttps://www.intechopen.com/books/recent-advances-in-analytical-chemistry
942 _cEB
999 _c13467
_d13467